000 00730nam a22002057a 4500
005 20100802120829.0
010 _aENG-97688
020 _a9789380421063
_c100.00
035 _aEN-81221
037 _bDBAD/PUB
082 _a336.54
100 _aKannaki, P.
_94009
245 _aFederal finance in India /
_cby P. Kannaki
260 _aThanjavur
_bNalankilli Pathippagam
_c2009
270 _a1271, Sulthanjippa Lane, South Rampart
_bThanjavur
_e613001
300 _a99p.
_c21cm (pbk)
500 _aIncludes bibliographical reference
942 _2ddc
_cEN
_h336.54
_mKAN
999 _c38582
_d38582